| 000 | 00629nam a2200229Ia 4500 | ||
|---|---|---|---|
| 999 |
_c58962 _d58962 |
||
| 003 | 0100 | ||
| 005 | 20170526075624.0 | ||
| 008 | 130303s9999 xx 000 0 und d | ||
| 020 | _a3825839370 | ||
| 040 | _cARRUPELIB | ||
| 050 | _aDT434.C6 2000 | ||
| 245 | _aKenya coast handbook | ||
| 245 | _bculture, resources and development in the east African littoral | ||
| 260 |
_bLIT Verlag M³nster - _aHamburg - London _c2000 |
||
| 300 | _a527p. | ||
| 300 | _b 25cm. | ||
| 440 |
_aAfrican Studies Centre _931067 |
||
| 650 |
_aKenya _xCoast Province _931068 |
||
| 700 |
_aHoorweg, Jan; Foeken, Dick; Obudho, R. A. eds. _931069 |
||
| 942 |
_2lcc _01 _cMONOGRAPH |
||